| 000 | 00844nas a2200265 4500 | ||
|---|---|---|---|
| 001 | BR9206535 | ||
| 003 | BR-BrBNA | ||
| 005 | 20231205092932.0 | ||
| 007 | ta | ||
| 008 | 230509b bl.|||p| |||| 00| 00por d | ||
| 040 |
_aBR-BrBNA _bpor _cBiblioteca Nacional de Agricultura |
||
| 041 | _a(Pt) | ||
| 072 | _aL53 | ||
| 100 | 1 | _aLopes, R.A. | |
| 100 | 1 | _aBrentegani, L.G. | |
| 100 | 1 | _aLopes, O.V.P. | |
| 100 | 1 | _aSantos, H.S.L. dos | |
| 245 | 1 | _aSobre a reproducao de peixes brasileiros; 3. ritmos de desenvolvimento dos ovocitos do pacu-caranha Colossoma mitrei Berg, 1895 (Pisces, Characidae) | |
| 650 | _aPACU | ||
| 650 | _aOVARIO | ||
| 650 | _aREPRODUCAO ANIMAL | ||
| 773 | 0 |
_tARS Veterinaria (Brazil) _xISSN 0102-6380 _g(Jun 1986), v. 2(1) p. 27-34 _wBR9206535 |
|
| 909 |
_a202311 _bLúcia _c55 _dLúcia Elande |
||
| 942 |
_2AGRIS _n0 _cANA |
||
| 999 |
_c135220 _d135220 |
||